00485nam a2200145Ia 4500008004100000020001800041100002200059245007200081260002000153440001600173650001700189856004100206999001900247952007300266171212s9999 xx 000 0 und d a9781910634738 aNicolescu, Razvan cNicolescu, RazvanaSocial Media in Southeast ItalybCrafting Ideals bUCL Pressc2016 aWhy We Post aAnthropology uhttp://jstor.org/stable/j.ctt1gxxpdq c352888d352888 001040aCLbCLd2017-12-12l0r2017-12-12 00:00:00w2017-12-12yCBE